000 nam a22 7a 4500
999 _c7053
_d7053
005 20190206071954.0
008 190206b xxu||||| |||| 00| 0 eng d
020 _a0333089537
_bpaperback
040 _beng
_cAPEC Schools Library
_erda
082 _aFic
_bSh527 1974
100 _aShakespeare, WIlliam
245 _aJulius Caesar /
_cWilliam Shakespeare
264 _aLondon :
_bMcmillan Education Ltd.,
_c©1974
300 _a211 pages ;
_c15 cm.
336 _2rdacontent
_atext
337 _2rdamedia
_aunmediated
338 _2rdacarrier
_avolume
942 _2ddc
_cBK